[Event "NRW-ch"]
[Site "Muelheim"]
[Date "2006.10.10"]
[Round "4"]
[White "Becker, Marc"]
[Black "Michalczak, Thomas"]
[Result "1/2-1/2"]
[WhiteElo "2361"]
[BlackElo "2330"]
[PlyCount "50"]
[EventDate "2006.10.07"]
[EventType "swiss"]
[EventRounds "7"]
[EventCountry "GER"]
[SourceTitle "CBM 114 Extra"]
[Source "ChessBase"]
[SourceDate "2006.11.03"]
[SourceVersion "1"]
[SourceVersionDate "2006.11.03"]
[SourceQuality "1"]

1. d4 d5 2. c4 c6 3. Nf3 Nf6 4. Nc3 e6 5. e3 Nbd7 6. Qc2 Bd6 7. Bd3 dxc4 8. Bxc4 b5 9. Be2 Bb7 10. 0-0 0-0 11. Rd1 Qb8 12. h3 a6 13. Ne4 Nxe4 14. Qxe4 c5 15. Qh4 Qd8 16. dxc5 Nxc5 17. Qxd8 Rfxd8 18. Bd2 Bd5 19. Ba5 Rdc8 20. b3 Ne4 21. Rac1 Ba3 22. Rxc8+ Rxc8 23. Bd3 Kf8 24. Nd4 Nc3 25. Rd2 Ne4 1/2-1/2

[Event "FRA-chT Gp-B"]
[Site "France"]
[Date "2004.04.02"]
[Round "5"]
[White "Becker, Marc"]
[Black "Flear, Glenn C"]
[Result "1/2-1/2"]
[WhiteElo "2391"]
[BlackElo "2489"]
[PlyCount "47"]
[EventDate "2004.01.30"]
[EventType "team-tourn"]
[EventRounds "7"]
[EventCountry "FRA"]
[SourceTitle "EXT 2005"]
[Source "ChessBase"]
[SourceDate "2004.11.15"]
[SourceVersion "1"]
[SourceVersionDate "2004.11.15"]
[SourceQuality "1"]
[WhiteTeam "Vandoeuvre"]
[BlackTeam "Montpellier"]
[WhiteTeamCountry "FRA"]
[BlackTeamCountry "FRA"]

1. c4 b6 2. b3 Bb7 3. Bb2 e6 4. Nf3 Nf6 5. g3 Bxf3 6. exf3 c5 7. Bg2 Nc6 8. 0-0 Be7 9. f4 Rc8 10. Na3 0-0 11. Nc2 d5 12. d3 a6 13. Qe2 b5 14. Rfd1 Qd7 15. d4 Nxd4 16. Nxd4 cxd4 17. cxd5 Nxd5 18. Bxd4 Bc5 19. Bb2 Qa7 20. f5 Bxf2+ 21. Kh1 Nc3 22. Bxc3 Rxc3 23. fxe6 fxe6 24. Qxe6+ 1/2-1/2

[Event "FRA-chT Gp-B"]
[Site "France"]
[Date "2004.01.30"]
[Round "1"]
[White "Schmitt, Andre"]
[Black "Becker, Marc"]
[Result "1-0"]
[WhiteElo "2267"]
[BlackElo "2391"]
[PlyCount "99"]
[EventDate "2004.01.30"]
[EventType "team-tourn"]
[EventRounds "7"]
[EventCountry "FRA"]
[SourceTitle "CBM 098 Extra"]
[Source "ChessBase"]
[SourceDate "2004.03.10"]
[SourceVersion "2"]
[SourceVersionDate "2004.03.10"]
[SourceQuality "1"]
[WhiteTeam "Lille"]
[BlackTeam "Vandoeuvre"]
[WhiteTeamCountry "FRA"]
[BlackTeamCountry "FRA"]

1. e4 e5 2. Bc4 Nf6 3. d3 Bc5 4. Nc3 d6 5. f4 Nc6 6. Nf3 0-0 7. f5 Na5 8. a3 Nxc4 9. dxc4 Nd7 10. Qe2 c6 11. Bd2 b5 12. cxb5 cxb5 13. Nxb5 Ba6 14. b4 Bb6 15. c4 d5 16. cxd5 Nf6 17. a4 Nxd5 18. exd5 e4 19. Ne5 Qxd5 20. Nc4 Qxf5 21. Nxb6 axb6 22. Qf2 Qd7 23. 0-0 Bxb5 24. axb5 Rxa1 25. Rxa1 Qxb5 26. Qd4 h6 27. Be3 Rc8 28. Qxe4 Qe2 29. Qf3 Qb2 30. Rf1 Qxb4 31. Qxf7+ Kh8 32. Qb7 Re8 33. Qxb6 Qxb6 34. Bxb6 Re7 35. Bd4 Kg8 36. Rf3 Kh7 37. Kf2 Rd7 38. Bc3 Ra7 39. Re3 Rf7+ 40. Ke2 Ra7 41. Kd3 Rf7 42. Ke4 Kg6 43. Rg3+ Kh7 44. Rxg7+ Rxg7 45. Bxg7 Kxg7 46. Kf5 Kf7 47. h3 Kg7 48. h4 Kf7 49. h5 Kg7 50. Ke6 1-0

[Event "Oberliga Sued W 0304"]
[Site "Germany"]
[Date "2004.01.18"]
[Round "5.2"]
[White "Silber, Henning"]
[Black "Becker, Marc"]
[Result "1-0"]
[WhiteElo "2305"]
[BlackElo "2391"]
[PlyCount "113"]
[EventDate "2003.10.12"]
[EventType "team-tourn"]
[EventRounds "9"]
[EventCountry "GER"]
[SourceTitle "EXT 2006"]
[Source "ChessBase"]
[SourceDate "2005.11.24"]
[SourceVersion "1"]
[SourceVersionDate "2005.11.24"]
[SourceQuality "1"]
[WhiteTeam "Landau"]
[BlackTeam "Trier"]
[WhiteTeamCountry "GER"]
[BlackTeamCountry "GER"]

1. e4 d5 2. exd5 Qxd5 3. Nc3 Qa5 4. d4 c6 5. Bc4 Nf6 6. Bd2 Bf5 7. Nf3 e6 8. Qe2 Bb4 9. 0-0-0 Nbd7 10. a3 Bxc3 11. Bxc3 Qc7 12. Ne5 b5 13. Bb3 Be4 14. d5 Bxd5 15. Bxd5 cxd5 16. Qxb5 0-0 17. Qc6 Rfc8 18. Qxc7 Rxc7 19. Nxd7 Nxd7 20. f3 Rac8 21. Rd2 Rc6 22. Bb4 Nb6 23. b3 d4 24. Kb1 e5 25. Re1 f6 26. f4 exf4 27. Re4 Nd5 28. Rexd4 Ne3 29. c4 g5 30. h3 R8c7 31. Bc3 Kf7 32. Re4 Rb7 33. Ka2 Kg6 34. Bd4 Nf1 35. Rd1 Ng3 36. Ree1 Nf5 37. Bf2 h5 38. c5 a5 39. Rd8 g4 40. hxg4 hxg4 41. Rg8+ Ng7 42. Ra8 Rd7 43. Re2 g3 44. Be1 Rxc5 45. Rxa5 Rc1 46. Kb2 Rxe1 47. Rxe1 Rd2+ 48. Kc3 Rxg2 49. Kd3 f3 50. Ke3 f2 51. Rf1 Nf5+ 52. Kf3 Nh4+ 53. Ke2 Rh2 54. b4 Rh1 55. Ra8 Kg5 56. Rg8+ Ng6 57. Rxh1 1-0

[Event "Oberliga Sued W 0304"]
[Site "Germany"]
[Date "2003.12.14"]
[Round "4.3"]
[White "Kuklin, Valentin"]
[Black "Becker, Marc"]
[Result "1/2-1/2"]
[WhiteElo "2253"]
[BlackElo "2391"]
[PlyCount "46"]
[EventDate "2003.10.12"]
[EventType "team-tourn"]
[EventRounds "9"]
[EventCountry "GER"]
[SourceTitle "EXT 2006"]
[Source "ChessBase"]
[SourceDate "2005.11.24"]
[SourceVersion "1"]
[SourceVersionDate "2005.11.24"]
[SourceQuality "1"]
[WhiteTeam "Saarbruecken"]
[BlackTeam "Trier"]
[WhiteTeamCountry "GER"]
[BlackTeamCountry "GER"]

1. e4 d5 2. exd5 Qxd5 3. Nc3 Qa5 4. d4 c6 5. Bc4 Nf6 6. Bd2 Bf5 7. Nf3 e6 8. Nd5 Qd8 9. Nxf6+ gxf6 10. Bf4 Nd7 11. Qd2 h5 12. Bb3 Qb6 13. 0-0-0 h4 14. g3 hxg3 15. hxg3 Rxh1 16. Rxh1 0-0-0 17. Rh8 Be4 18. Qe3 Bxf3 19. Qxf3 Qxd4 20. c3 Qc5 21. Rh7 Ne5 22. Bxe5 Qxe5 23. Qe3 Qxe3+ 1/2-1/2

[Event "St Ingbert op"]
[Site "St Ingbert"]
[Date "2001.??.??"]
[Round "6"]
[White "Pirrot, Dieter"]
[Black "Becker, Marc"]
[Result "0-1"]
[WhiteElo "2445"]
[BlackElo "2407"]
[PlyCount "52"]
[EventDate "2001.08.??"]
[EventType "swiss"]
[EventRounds "9"]
[EventCountry "GER"]
[SourceTitle "EXT 2002"]
[Source "ChessBase"]
[SourceDate "2001.11.25"]
[SourceVersion "1"]
[SourceVersionDate "2001.11.25"]
[SourceQuality "1"]

1. e4 e6 2. d4 d5 3. Nc3 Nf6 4. e5 Nfd7 5. Nce2 c5 6. c3 Nc6 7. f4 Qb6 8. a3 cxd4 9. cxd4 Be7 10. Nf3 0-0 11. h4 f6 12. Rh3 a5 13. b3 Qc7 14. Bd2 b6 15. Nc3 fxe5 16. Nb5 Qb8 17. fxe5 Ndxe5 18. dxe5 Nxe5 19. Nfd4 Nd3+ 20. Ke2 Nf2 21. Nc6 Qb7 22. Nxe7+ Qxe7 23. Qe1 Nxh3 24. gxh3 Bd7 25. a4 Qf6 26. Bg2 Be8 0-1

[Event "BL2-West 9900"]
[Site "Germany"]
[Date "2000.03.26"]
[Round "8.5"]
[White "Backwinkel, Paul"]
[Black "Becker, Marc"]
[Result "1/2-1/2"]
[WhiteElo "2385"]
[BlackElo "2413"]
[PlyCount "85"]
[EventDate "1999.10.10"]
[EventType "team-tourn"]
[EventRounds "9"]
[EventCountry "GER"]
[SourceTitle "CBM 075 Extra"]
[Source "ChessBase"]
[SourceDate "2000.05.11"]
[SourceVersion "2"]
[SourceVersionDate "2000.05.11"]
[SourceQuality "1"]
[WhiteTeam "Bochum"]
[BlackTeam "Andernach"]
[WhiteTeamCountry "GER"]
[BlackTeamCountry "GER"]

1. d4 Nf6 2. Nf3 e6 3. Nbd2 c5 4. e3 b6 5. Bd3 Bb7 6. 0-0 Be7 7. c3 cxd4 8. exd4 0-0 9. Qe2 d6 10. Ne4 Nxe4 11. Bxe4 Bxe4 12. Qxe4 Nd7 13. b3 Rc8 14. Bb2 b5 15. a4 d5 16. Qd3 b4 17. cxb4 Bxb4 18. Rfc1 Qb6 19. Rc2 Rxc2 20. Qxc2 Rb8 21. Bc1 Qb7 22. Bf4 Rc8 23. Qd1 f6 24. Rc1 Rc6 25. h3 Qc8 26. Rxc6 Qxc6 27. Qe2 Nf8 28. Qd3 Qc3 29. Qxc3 Bxc3 30. Kf1 Nd7 31. Bd2 Bb2 32. Be3 a6 33. Ke2 e5 34. Kd2 e4 35. Ne1 Ba3 36. Nc2 Bd6 37. Kc3 Bc7 38. Kb2 Ba5 39. b4 Bc7 40. a5 Kf7 41. Kb3 Nb8 42. Ka4 Nc6 43. Bd2 1/2-1/2

[Event "Essen op"]
[Site "Essen"]
[Date "2000.??.??"]
[Round "4"]
[White "Becker, Marc"]
[Black "Nowicki, Heiko"]
[Result "1/2-1/2"]
[WhiteElo "2413"]
[BlackElo "2083"]
[PlyCount "86"]
[EventDate "2000.??.??"]
[EventType "swiss"]
[EventRounds "9"]
[EventCountry "GER"]
[SourceTitle "EXT 2001"]
[Source "ChessBase"]
[SourceDate "2000.11.22"]
[SourceVersion "1"]
[SourceVersionDate "2000.11.22"]
[SourceQuality "1"]

1. d4 Nf6 2. c4 g6 3. Nc3 Bg7 4. e4 d6 5. f4 0-0 6. Nf3 Na6 7. Bd3 e5 8. fxe5 dxe5 9. d5 Nc5 10. Bc2 c6 11. Be3 Qa5 12. Bd2 Qb6 13. Rb1 cxd5 14. cxd5 a5 15. Qe2 Re8 16. Be3 Bf8 17. 0-0 Ng4 18. Na4 Qc7 19. Bxc5 Bxc5+ 20. Nxc5 Qxc5+ 21. Kh1 Qe3 22. Qxe3 Nxe3 23. Ba4 Rd8 24. Rfe1 Ng4 25. Kg1 f6 26. Nd2 Rb8 27. b4 axb4 28. Rxb4 Bd7 29. Bxd7 Rxd7 30. h3 Nh6 31. Nc4 Nf7 32. Rb6 Kg7 33. Rf1 Rc8 34. Rb4 Rdc7 35. Na5 Nd6 36. Rfb1 Rc1+ 37. Rxc1 Rxc1+ 38. Kf2 Rc2+ 39. Ke3 Rxa2 40. Nxb7 Ra3+ 41. Ke2 Ra2+ 42. Kd3 Ra3+ 43. Ke2 Ra2+ 1/2-1/2

[Event "Essen op"]
[Site "Essen"]
[Date "2000.??.??"]
[Round "5"]
[White "Eggenstein, Frank"]
[Black "Becker, Marc"]
[Result "1/2-1/2"]
[WhiteElo "2160"]
[BlackElo "2413"]
[PlyCount "54"]
[EventDate "2000.??.??"]
[EventType "swiss"]
[EventRounds "9"]
[EventCountry "GER"]
[SourceTitle "EXT 2001"]
[Source "ChessBase"]
[SourceDate "2000.11.22"]
[SourceVersion "1"]
[SourceVersionDate "2000.11.22"]
[SourceQuality "1"]

1. e4 e6 2. d4 d5 3. e5 c5 4. c3 Nc6 5. Nf3 Qb6 6. a3 Bd7 7. b4 cxd4 8. cxd4 Rc8 9. Bb2 Na5 10. Nbd2 Nc4 11. Nxc4 dxc4 12. Rc1 a5 13. Nd2 axb4 14. Nxc4 Qd8 15. a4 Bc6 16. f3 Be7 17. Bd3 Nh6 18. Qc2 g6 19. a5 0-0 20. Nb6 Bh4+ 21. g3 Bxf3 22. Nxc8 Bxh1 23. gxh4 Ng4 24. Qe2 Qxh4+ 25. Kd2 Qh6+ 26. Ke1 Qh4+ 27. Kd2 Qh6+ 1/2-1/2

[Event "Essen op"]
[Site "Essen"]
[Date "2000.??.??"]
[Round "3"]
[White "Panchenko, Alexandar G"]
[Black "Becker, Marc"]
[Result "1/2-1/2"]
[WhiteElo "2419"]
[BlackElo "2413"]
[PlyCount "94"]
[EventDate "2000.??.??"]
[EventType "swiss"]
[EventRounds "9"]
[EventCountry "GER"]
[SourceTitle "EXT 2001"]
[Source "ChessBase"]
[SourceDate "2000.11.22"]
[SourceVersion "1"]
[SourceVersionDate "2000.11.22"]
[SourceQuality "1"]

1. Nf3 c5 2. c4 Nc6 3. d4 cxd4 4. Nxd4 g6 5. e4 Nf6 6. Nc3 d6 7. Be2 Nxd4 8. Qxd4 Bg7 9. Bg5 0-0 10. Qd2 Be6 11. Rc1 Qa5 12. f3 Rfc8 13. b3 a6 14. Na4 Qxd2+ 15. Kxd2 Nd7 16. Rc2 f6 17. Be3 f5 18. Bd3 Rc6 19. exf5 gxf5 20. Nc3 Nf6 21. Ne2 Nh5 22. Nd4 Bxd4 23. Bxd4 Nf4 24. Re1 Kf7 25. Bf1 b5 26. g3 Ng6 27. f4 bxc4 28. Bg2 d5 29. Rxe6 Kxe6 30. bxc4 Rd6 31. Bxd5+ Rxd5 32. cxd5+ Kxd5 33. Ke3 Kd6 34. Rc5 e6 35. Ra5 Kd7 36. Bc5 Kc6 37. Ba3 Kb6 38. Ra4 Rc8 39. Rb4+ Ka7 40. Rd4 Rc3+ 41. Rd3 Rxd3+ 42. Kxd3 Kb6 43. Kd4 Kb5 44. Bc5 Kc6 45. Bb4 Kb5 46. Bc5 Kc6 47. Bb4 Kb5 1/2-1/2

[Event "BL2-West 9900"]
[Site "Germany"]
[Date "1999.11.07"]
[Round "2.4"]
[White "Schmidt, Ruediger"]
[Black "Becker, Marc"]
[Result "0-1"]
[WhiteElo "2160"]
[BlackElo "2413"]
[PlyCount "49"]
[EventDate "1999.10.10"]
[EventType "team-tourn"]
[EventRounds "9"]
[EventCountry "GER"]
[SourceTitle "CBM 074 Extra"]
[Source "ChessBase"]
[SourceDate "2000.03.10"]
[SourceVersion "2"]
[SourceVersionDate "2000.03.10"]
[SourceQuality "1"]
[WhiteTeam "Godesberg II"]
[BlackTeam "Andernach"]
[WhiteTeamCountry "GER"]
[BlackTeamCountry "GER"]

1. c4 c5 2. g3 g6 3. Bg2 Bg7 4. Nc3 Nc6 5. b3 d6 6. Bb2 Bd7 7. Qc1 e5 8. h4 Nf6 9. Nd5 Nxd5 10. Bxd5 Rb8 11. h5 Ne7 12. Bg2 Bc6 13. e4 Nf5 14. Ne2 Nd4 15. Bxd4 cxd4 16. d3 0-0 17. Rh2 b5 18. Qd2 a5 19. f3 Qb6 20. hxg6 fxg6 21. Bh3 Rf6 22. Ng1 bxc4 23. bxc4 Qb4 24. Bf1 Qxd2+ 25. Kxd2 0-1

[Event "BL2-West 9899"]
[Site "Germany"]
[Date "1999.02.21"]
[Round "6.2"]
[White "Becker, Marc"]
[Black "Piskov, Yury"]
[Result "0-1"]
[WhiteElo "2419"]
[BlackElo "2460"]
[PlyCount "68"]
[EventDate "1998.10.??"]
[EventType "team-tourn"]
[EventRounds "9"]
[EventCountry "GER"]
[SourceTitle "GER-chT2"]
[Source "ChessBase"]
[SourceDate "1999.07.01"]
[SourceVersion "1"]
[SourceVersionDate "1999.07.01"]
[SourceQuality "1"]
[WhiteTeam "Andernach"]
[BlackTeam "Gelsenkirchen"]
[WhiteTeamCountry "GER"]
[BlackTeamCountry "GER"]

1. c4 e6 2. Nf3 d5 3. b3 Nf6 4. g3 Be7 5. Bg2 0-0 6. 0-0 b6 7. Bb2 Bb7 8. e3 a5 9. Nc3 Na6 10. Qe2 Nc5 11. d4 Nce4 12. Nd2 Nxc3 13. Bxc3 c5 14. Rfd1 Qc7 15. Rac1 Rfc8 16. Bb2 a4 17. dxc5 bxc5 18. cxd5 exd5 19. b4 Qb6 20. Bxf6 Bxf6 21. bxc5 Rxc5 22. Rxc5 Qxc5 23. Nf3 Ba6 24. Qd2 Bc4 25. Ne1 Rd8 26. Bf1 Rb8 27. Qc2 a3 28. e4 Rb2 29. Rxd5 Qb6 30. Rd6 Qxd6 31. Qxc4 g6 32. Nd3 Rd2 33. Qb5 Bd4 34. Qb3 Qf6 0-1

[Event "BL2-West 9899"]
[Site "Germany"]
[Date "1999.01.10"]
[Round "4.4"]
[White "Becker, Marc"]
[Black "Luecke, Norbert"]
[Result "1/2-1/2"]
[WhiteElo "2419"]
[BlackElo "2375"]
[PlyCount "63"]
[EventDate "1998.10.??"]
[EventType "team-tourn"]
[EventRounds "9"]
[EventCountry "GER"]
[SourceTitle "GER-chT2"]
[Source "ChessBase"]
[SourceDate "1999.07.01"]
[SourceVersion "1"]
[SourceVersionDate "1999.07.01"]
[SourceQuality "1"]
[WhiteTeam "Andernach"]
[BlackTeam "Plettenberg"]
[WhiteTeamCountry "GER"]
[BlackTeamCountry "GER"]

1. c4 e5 2. g3 Nf6 3. Bg2 d5 4. cxd5 Nxd5 5. Nf3 Nc6 6. 0-0 Be7 7. d4 exd4 8. Nxd4 Nxd4 9. Qxd4 Nf6 10. Qa4+ Nd7 11. Rd1 c6 12. Nc3 0-0 13. Be3 Bg5 14. Bxg5 Qxg5 15. Ne4 Qe7 16. Qd4 a5 17. Rd2 Nf6 18. Qd6 Qxd6 19. Nxd6 Rd8 20. Rad1 Kf8 21. e4 Ne8 22. Nxc8 Rxd2 23. Rxd2 Rxc8 24. Bh3 Rc7 25. Rd8 Ke7 26. Ra8 Nd6 27. f3 b6 28. Kf2 g6 29. g4 c5 30. Ke2 c4 31. Kd2 Nb5 32. Bf1 1/2-1/2

[Event "Trier"]
[Site "Trier"]
[Date "1998.10.19"]
[Round "1"]
[White "Becker, Marc"]
[Black "Hartvig, Ove Weiss"]
[Result "0-1"]
[WhiteElo "2420"]
[BlackElo "2270"]
[PlyCount "78"]
[EventDate "1998.10.??"]
[EventType "tourn"]
[EventRounds "9"]
[EventCountry "GER"]
[EventCategory "4"]
[SourceTitle "EXT 1999"]
[Source "ChessBase"]
[SourceDate "1998.11.16"]
[SourceVersion "1"]
[SourceVersionDate "1998.11.16"]
[SourceQuality "1"]

1. c4 e5 2. g3 Nc6 3. Bg2 g6 4. Nc3 Bg7 5. d3 f5 6. e3 Nf6 7. Nge2 0-0 8. 0-0 Kh8 9. Rb1 Ne7 10. b3 c6 11. Ba3 d6 12. Qd2 Be6 13. f4 Re8 14. Rbe1 Qc7 15. e4 Rad8 16. Kh1 a6 17. Rc1 Qb8 18. Bb2 Bg8 19. Qc2 d5 20. Nxd5 Nfxd5 21. exd5 cxd5 22. fxe5 Bxe5 23. Nd4 Bg7 24. Nf3 d4 25. b4 h6 26. Qd2 Qd6 27. a4 g5 28. b5 axb5 29. axb5 b6 30. Ra1 Ng6 31. Ra7 Rd7 32. Rfa1 g4 33. Nxd4 Bxd4 34. Rxd7 Qxd7 35. Bc6 Qg7 36. Ra7 Re7 37. Bxd4 Qxd4 38. Qxh6+ Rh7 39. Rxh7+ Bxh7 0-1

[Event "Bundesliga 9798"]
[Site "Germany"]
[Date "1998.03.28"]
[Round "12.6"]
[White "Ahner, Andreas"]
[Black "Becker, Marc"]
[Result "1/2-1/2"]
[WhiteElo "2250"]
[BlackElo "2430"]
[PlyCount "67"]
[EventDate "1997.10.18"]
[EventType "team-tourn"]
[EventRounds "15"]
[EventCountry "GER"]
[SourceTitle "GER-chT"]
[Source "ChessBase"]
[SourceDate "1999.07.01"]
[SourceVersion "1"]
[SourceVersionDate "1999.07.01"]
[SourceQuality "1"]
[WhiteTeam "Chemnitz"]
[BlackTeam "St Ingbert"]
[WhiteTeamCountry "GER"]
[BlackTeamCountry "GER"]

1. d4 Nf6 2. c4 e6 3. Nf3 Bb4+ 4. Nbd2 b6 5. e3 0-0 6. Bd3 d5 7. 0-0 Bb7 8. Qe2 Ne4 9. Bc2 Nd7 10. a3 Bd6 11. Nxe4 dxe4 12. Nd2 f5 13. b4 c5 14. Rb1 Rf6 15. g3 Qc7 16. Rb3 Rg6 17. Rd1 Nf6 18. Nf1 Rc8 19. dxc5 bxc5 20. b5 Be5 21. Bb2 Ng4 22. Qd2 Bxb2 23. Rxb2 Ne5 24. Qc3 Nf3+ 25. Kh1 Rh6 26. b6 Qf7 27. Kg2 Qh5 28. h4 Qg4 29. Nh2 Nxh4+ 30. Kf1 Qh3+ 31. Ke2 Nf3 32. bxa7 Qxh2 33. Rxb7 Qxf2+ 34. Kxf2 1/2-1/2